Matematika gyógyszerészhallgatók számára

Elmentve itt :
Bibliográfiai részletek
Szerző: Karsai János
Dokumentumtípus: Könyv
Megjelent: Szent-Györgyi Albert Orvostudományi Egyetem, Orvosi Informatikai Intézet Szeged 1996
Tárgyszavak:
Online Access:http://eta.bibl.u-szeged.hu/87
LEADER 00678nnm a2200181 i 4500
001 eta87
005 20181001185306.0
008 180515s1996 hu o 0|| hun d
040 |a SZTE Elektronikus Tananyag Archívum  |b hun 
041 |a hun 
100 1 |a Karsai János 
245 1 0 |a Matematika gyógyszerészhallgatók számára  |h [elektronikus dokumentum] /  |c  Karsai János 
260 |a Szent-Györgyi Albert Orvostudományi Egyetem, Orvosi Informatikai Intézet  |b Szeged  |c 1996 
300 |a 132 
516 |a Book 
650 4 |a Természettudományok 
650 4 |a Matematika 
856 4 0 |u https://eta.bibl.u-szeged.hu/87/1/matematika_gyogyszereszhallgatok_szamara%20_1996.pdf  |z Dokumentum-elérés